00189nam a2200073Ia 4500008004100000100001500041245003100056260002800087190216s9999||||xx |||||||||||||| ||und|| aPrabhakarn 0aJeevanukalum Parambaryavum bKerala Bhasha Institute